01201nam a2200253 a 450000100100000000500170001000800410002702000150006804000250008310000320010824501480014026000240028830000360031249000380034850000320038650400330041850400730045150501530052470000400067771000600071783000450077795201080082299900170093000004149120201002034934.0131016s2004 sp ac 000 0 spa d a8400040090 aDO-SdBNPbspacBNPHU1 aPedro de Atarrabía96818410aPetri de Atarrabia sive de Navarra In primum sententiarum scriptum /cquod ad fidem codicum manuscriptorum critice edidit Pius Sagües Azcona. aBarcelona :bCSIC,. a506 p. :bil., retrs. ;c25 cm.1 aBibliotheca theologica Hispanav2 aLa biblioteca posee el v. 1 aBibliografía : p. 245 -255 aIncluye referencias bibliográficas y notas al pie de las páginas2 av. 1tIntroductio, prologus et distinctiones a prima usque ad decimam octavam.--gv.2tDistinctiones a decima nona usque ad quadragesimam octavam --1 aSagües Azcona, Pío,eed.9681852 aConsejo Superior de Investigaciones Científicas94786 0aBibliotheca theologica Hispanav2968186 001050718MOaGRbGRcCTd2013-10-08iLF1l0ov. 1p41491-10r2020-06-25w2020-06-25y1ZNo se presta c40981d40981